[Event "4th EUR-ch"]
[Site "Istanbul TUR"]
[Date "2003.05.30"]
[Round "1.53"]
[White "Istratescu, Andrei"]
[Black "Del Rio Angelis, Salvador Gabriel"]
[Result "1/2-1/2"]
[WhiteElo "2593"]
[BlackElo "2490"]
[EventDate "2003.05.30"]
[PlyCount "142"]

1.d4 Nf6 2.c4 g6 3.Nc3 Bg7 4.e4 O-O 5.Be3 d6 6.f3 e5 7.Nge2 c6 8.Qd2 exd4 
9.Nxd4 d5 10.cxd5 cxd5 11.e5 Ne8 12.Bg5 f6 13.exf6 Nxf6 14.Bb5 Nc6 15.O-O 
Nxd4 16.Qxd4 Ne4 17.Qxg7+ Kxg7 18.Bxd8 Nxc3 19.bxc3 Rxd8 20.Rfe1 Kf6 21.
Rad1 Be6 22.Rd4 Rac8 23.Rf4+ Ke7 24.Rh4 h5 25.Bd3 Rg8 26.c4 Kf6 27.cxd5 
Bxd5 28.Rf4+ Kg7 29.Re7+ Kh6 30.h4 Rg7 31.Re5 Bxa2 32.Ra5 Bb1 33.Bxb1 Rc1+
34.Kh2 Rxb1 35.Rxa7 g5 36.hxg5+ Rxg5 37.Ra2 Rbb5 38.Rf8 Rg7 39.Rd2 Rbg5 
40.Rh8+ Rh7 41.Rd6+ Rg6 42.Rxh7+ Kxh7 43.Rd5 Kh6 44.Rb5 b6 45.Kh3 Rc6 46.
f4 Rf6 47.g3 Rg6 48.Rd5 Rg4 49.Re5 Rg8 50.Re6+ Rg6 51.Re8 Kh7 52.Re5 Kh6 
53.Rb5 Rg4 54.Rxb6+ Kg7 55.Ra6 Kh7 56.Ra1 Rg8 57.Rh1 Ra8 58.Kh4 Kh6 59.Re1
Rg8 60.Re6+ Kh7 61.Kh3 Rg7 62.Re8 Rg4 63.Re1 Rg8 64.Rh1 Ra8 65.Rf1 Rg8 66.
Rf3 Kh6 67.f5 Rf8 68.Kh4 Rf6 69.g4 hxg4 70.Kxg4 Kg7 71.Kg5 Ra6 1/2-1/2

[Event "4th EUR-ch"]
[Site "Istanbul TUR"]
[Date "2003.05.30"]
[Round "1.54"]
[White "Kulaots, Kaido"]
[Black "Chuchelov, Vladimir"]
[Result "0-1"]
[WhiteElo "2514"]
[BlackElo "2592"]
[EventDate "2003.05.30"]
[PlyCount "38"]

1.e4 c5 2.Nf3 e6 3.d4 cxd4 4.Nxd4 a6 5.Bd3 Bc5 6.Nb3 Ba7 7.O-O Nc6 8.Qg4 
Nf6 9.Qxg7 Rg8 10.Qh6 Ne5 11.Be2 Neg4 12.Bxg4 Rg6 13.Qh3 Nxg4 14.Be3 Bb8 
15.f4 Nxe3 16.Qxe3 Ba7 17.Nd4 e5 18.fxe5 Qg5 19.Kf2 d6 0-1

[Event "4th EUR-ch"]
[Site "Istanbul TUR"]
[Date "2003.05.30"]
[Round "1.55"]
[White "Genov, Petar"]
[Black "Kacheishvili, Giorgi"]
[Result "1/2-1/2"]
[WhiteElo "2490"]
[BlackElo "2592"]
[EventDate "2003.05.30"]
[PlyCount "25"]

1.d4 Nf6 2.c4 e6 3.Nf3 d5 4.Nc3 Bb4 5.Bg5 h6 6.Bxf6 Qxf6 7.cxd5 exd5 8.Rc1
O-O 9.a3 Bxc3+ 10.Rxc3 c6 11.e3 Bg4 12.Be2 Nd7 13.O-O 1/2-1/2

[Event "4th EUR-ch"]
[Site "Istanbul TUR"]
[Date "2003.05.30"]
[Round "1.57"]
[White "Pogorelov, Ruslan"]
[Black "Vajda, Levente"]
[Result "1-0"]
[WhiteElo "2489"]
[BlackElo "2592"]
[EventDate "2003.05.30"]
[PlyCount "93"]

1.Nf3 Nf6 2.c4 g6 3.Nc3 Bg7 4.e4 d6 5.d4 O-O 6.Be2 Na6 7.O-O e5 8.Be3 Ng4 
9.Bg5 Qe8 10.dxe5 dxe5 11.h3 h6 12.Bd2 Nf6 13.Be3 Qe7 14.a3 Rd8 15.Qc2 c6 
16.b4 b6 17.Nd2 Nc7 18.c5 Ne6 19.cxb6 Nd4 20.Bxd4 exd4 21.Na4 d3 22.Bxd3 
Nh5 23.b7 Bxb7 24.Rad1 a5 25.Nc5 axb4 26.axb4 Rd4 27.Nc4 Nf4 28.Nxb7 Qxb7 
29.Na5 Qd7 30.Be2 c5 31.Nb3 Rxd1 32.Rxd1 Qe7 33.Nxc5 Qg5 34.g3 Nxh3+ 35.
Kf1 Be5 36.Qd3 h5 37.Nd7 Rd8 38.Qf3 Qe7 39.Nxe5 Rxd1+ 40.Bxd1 Qxe5 41.Kg2 
Ng5 42.Qe3 h4 43.f4 Qb2+ 44.Qe2 h3+ 45.Kh1 Qxe2 46.Bxe2 Nxe4 47.Kh2 1-0

[Event "4th EUR-ch"]
[Site "Istanbul TUR"]
[Date "2003.05.30"]
[Round "1.60"]
[White "Huzman, Alexander"]
[Black "Kupreichik, Viktor"]
[Result "1/2-1/2"]
[WhiteElo "2589"]
[BlackElo "2484"]
[EventDate "2003.05.30"]
[PlyCount "60"]

1.d4 g6 2.c4 Bg7 3.Nc3 d6 4.e4 e5 5.dxe5 dxe5 6.Qxd8+ Kxd8 7.f4 Nc6 8.Nf3 
Bg4 9.fxe5 Nxe5 10.Bg5+ Ke8 11.Be2 Bxf3 12.gxf3 c6 13.Be3 h5 14.h3 Nd7 15.
f4 Bf8 16.Na4 Ngf6 17.Bf3 h4 18.Kf2 Nh5 19.Rhd1 Ng3 20.a3 f5 21.e5 g5 22.
e6 Nf6 23.fxg5 Nfe4+ 24.Bxe4 Nxe4+ 25.Kf3 Rg8 26.Nc3 Nxg5+ 27.Bxg5 Rxg5 
28.Ne2 Rg6 29.Rg1 Rxe6 30.Nf4 Rf6 1/2-1/2

[Event "4th EUR-ch"]
[Site "Istanbul TUR"]
[Date "2003.05.30"]
[Round "1.62"]
[White "Damljanovic, Branko"]
[Black "Palo, Davor"]
[Result "1/2-1/2"]
[WhiteElo "2587"]
[BlackElo "2472"]
[EventDate "2003.05.30"]
[PlyCount "126"]

1.Nf3 Nf6 2.c4 e6 3.Nc3 d5 4.d4 dxc4 5.e3 a6 6.Bxc4 b5 7.Bd3 Bb7 8.O-O c5 
9.Qe2 Nbd7 10.Rd1 Qc7 11.Bd2 c4 12.Bc2 Bd6 13.e4 e5 14.d5 O-O 15.Rdc1 Rfc8
16.h3 b4 17.Nd1 a5 18.Bg5 Ba6 19.Qe1 Qb6 20.Ne3 h6 21.Bxf6 Nxf6 22.Ba4 Rc5
23.Nd2 Rac8 24.Bc6 c3 25.bxc3 bxc3 26.Nb3 R5xc6 27.dxc6 a4 28.Qxc3 axb3 
29.axb3 Nxe4 30.Qa5 Qxa5 31.Rxa5 Bb7 32.Nf5 Rxc6 33.Rxc6 Bxc6 34.Nxd6 Nxd6
35.Ra6 Bd5 36.Rxd6 Bxb3 37.Rb6 Be6 38.Kf1 g5 39.Ke2 Kg7 40.Ke3 Bf5 41.Rb4 
Bg6 42.Kd2 Bf5 43.Kc3 Be6 44.Rb5 f6 45.Kb4 Bf5 46.Kc5 Bd3 47.Rb2 h5 48.g3 
Kg6 49.Rb4 Bf1 50.h4 Bg2 51.Kd6 Kf5 52.Ke7 e4 53.Rb5+ Kg4 54.Kxf6 gxh4 55.
Rg5+ Kf3 56.gxh4 Kxf2 57.Rxh5 e3 58.Re5 e2 59.h5 e1=Q 60.Rxe1 Kxe1 61.Ke5 
Bf1 62.Kd4 Kd2 63.h6 Bd3 1/2-1/2

[Event "4th EUR-ch"]
[Site "Istanbul TUR"]
[Date "2003.05.30"]
[Round "1.63"]
[White "Kritz, Leonid"]
[Black "Markowski, Tomasz"]
[Result "1-0"]
[WhiteElo "2468"]
[BlackElo "2587"]
[EventDate "2003.05.30"]
[PlyCount "71"]

1.e4 c5 2.Nf3 e6 3.d4 cxd4 4.Nxd4 a6 5.Nc3 b5 6.Bd3 d6 7.Qe2 Nf6 8.a3 Bb7 
9.g4 Nfd7 10.Be3 Nc5 11.O-O-O Nbd7 12.f4 Rc8 13.Kb1 Qa5 14.Bd2 Qb6 15.Nf3 
g6 16.h4 Bg7 17.h5 b4 18.axb4 Qxb4 19.h6 Bf6 20.e5 Nxd3 21.cxd3 dxe5 22.
Ne4 Qb3 23.Nd6+ Ke7 24.fxe5 Nxe5 25.Nd4 Qb6 26.Nxc8+ Rxc8 27.Be3 Qa5 28.
Rc1 Rd8 29.Rc5 Qb4 30.Rf1 Nd7 31.Rc4 Qd6 32.Qf2 Rf8 33.Bd2 Qd5 34.Bb4+ Ke8
35.Bxf8 Kxf8 36.Rc7 1-0

[Event "4th EUR-ch"]
[Site "Istanbul TUR"]
[Date "2003.05.30"]
[Round "1.64"]
[White "Palac, Mladen"]
[Black "Rotsagov, Mihhail"]
[Result "1/2-1/2"]
[WhiteElo "2587"]
[BlackElo "2487"]
[EventDate "2003.05.30"]
[PlyCount "35"]

1.e4 e5 2.Nf3 Nf6 3.Nxe5 d6 4.Nf3 Nxe4 5.d4 d5 6.Bd3 Nc6 7.O-O Be7 8.c4 
Nb4 9.Be2 O-O 10.a3 Nc6 11.cxd5 Qxd5 12.Nc3 Nxc3 13.bxc3 Bf5 14.Re1 Rfe8 
15.Bf4 Bd6 16.Be3 Na5 17.Nd2 Rad8 18.c4 1/2-1/2

[Event "4th EUR-ch"]
[Site "Istanbul TUR"]
[Date "2003.05.30"]
[Round "1.65"]
[White "Dzhakaev, Dzhakay"]
[Black "Avrukh, Boris"]
[Result "0-1"]
[WhiteElo "2465"]
[BlackElo "2586"]
[EventDate "2003.05.30"]
[PlyCount "56"]

1.Nf3 Nf6 2.c4 g6 3.Nc3 Bg7 4.e4 d6 5.d4 O-O 6.Be2 e5 7.O-O Na6 8.Re1 Qe8 
9.Bf1 Bg4 10.d5 Nh5 11.h3 Bd7 12.g4 Nf4 13.Bxf4 exf4 14.Qd2 Be5 15.Ne2 Nc5
16.Nxf4 Bg7 17.e5 dxe5 18.b4 Na4 19.Qc2 a5 20.a3 c5 21.dxc6 Bxc6 22.Nd5 
Bxd5 23.cxd5 Rc8 24.Qd2 e4 25.Nd4 Qd8 26.Rxe4 Qxd5 27.Bg2 Nc3 28.Rf4 Qd6 
0-1

[Event "4th EUR-ch"]
[Site "Istanbul TUR"]
[Date "2003.05.30"]
[Round "1.66"]
[White "Rozentalis, Eduardas"]
[Black "Tratar, Marko"]
[Result "1-0"]
[WhiteElo "2586"]
[BlackElo "2464"]
[EventDate "2003.05.30"]
[PlyCount "99"]

1.e4 c5 2.Nf3 d6 3.d4 cxd4 4.Qxd4 a6 5.Be3 Nf6 6.Nc3 Nc6 7.Qb6 Qxb6 8.Bxb6
Bg4 9.Be2 g6 10.Nd5 Nxd5 11.exd5 Bxf3 12.Bxf3 Ne5 13.Be2 Bg7 14.O-O-O O-O 
15.Rhe1 Rfc8 16.Bd4 Rc7 17.a4 Nd7 18.Kb1 Rac8 19.c3 Bxd4 20.Rxd4 a5 21.f4 
h5 22.g3 f5 23.Kc2 Kf7 24.Ra1 Nf6 25.Ra3 h4 26.Rb3 hxg3 27.hxg3 Ne4 28.g4 
Ng3 29.Bd1 fxg4 30.Bxg4 Nf5 31.Bxf5 gxf5 32.Rb5 Ra8 33.Kb3 Ke8 34.Rd3 Kf7 
35.Rh3 Kg6 36.Kc2 Ra7 37.Kd3 Rc8 38.Kd4 Kf6 39.c4 Rg8 40.c5 Rg4 41.Rf3 Rg1
42.Rb6 Rd1+ 43.Rd3 Re1 44.cxd6 exd6 45.Rxd6+ Ke7 46.Rh6 Re4+ 47.Kc5 Rxf4 
48.d6+ Kd7 49.Rh7+ Kd8 50.d7 1-0

[Event "4th EUR-ch"]
[Site "Istanbul TUR"]
[Date "2003.05.30"]
[Round "1.68"]
[White "Pavasovic, Dusko"]
[Black "Mastrovasilis, Dimitrios"]
[Result "1-0"]
[WhiteElo "2584"]
[BlackElo "2456"]
[EventDate "2003.05.30"]
[PlyCount "77"]

1.e4 e5 2.Nf3 Nc6 3.d4 exd4 4.Nxd4 Nf6 5.Nxc6 bxc6 6.Bd3 d6 7.O-O g6 8.b3 
Bg7 9.Bb2 O-O 10.Nd2 Re8 11.f4 Nxe4 12.Bxg7 Nxd2 13.Qxd2 Kxg7 14.f5 Re5 
15.f6+ Kg8 16.Qf4 Be6 17.Rae1 Rxe1 18.Rxe1 d5 19.h4 Qd6 20.Qh6 Qf8 21.Qe3 
a5 22.h5 Re8 23.Qg3 Qc5+ 24.Kh1 Qd6 25.Re5 Qf8 26.hxg6 Qh6+ 27.Kg1 fxg6 
28.Qe1 Kf7 29.Qxa5 Kxf6 30.Qc3 Kf7 31.Qxc6 Re7 32.Qc3 Qh4 33.a4 Bf5 34.
Bxf5 Rxe5 35.Qxe5 gxf5 36.Qxf5+ Ke7 37.Qe5+ Kf8 38.g3 Qh3 39.a5 1-0

[Event "4th EUR-ch"]
[Site "Istanbul TUR"]
[Date "2003.05.30"]
[Round "1.73"]
[White "Volkmann, Friedrich"]
[Black "Sulskis, Sarunas"]
[Result "1/2-1/2"]
[WhiteElo "2435"]
[BlackElo "2578"]
[EventDate "2003.05.30"]
[PlyCount "75"]

1.e4 c5 2.Nf3 e6 3.b3 Nc6 4.Bb2 Nge7 5.Nc3 a6 6.d4 cxd4 7.Nxd4 Nxd4 8.Qxd4
Nc6 9.Qe3 Be7 10.O-O-O O-O 11.h4 b5 12.e5 Qc7 13.Ne4 Nxe5 14.Ng5 Ng4 15.
Qd4 Nf6 16.Bd3 h6 17.Nh7 Re8 18.Nxf6+ Bxf6 19.Qe4 Bxb2+ 20.Kxb2 Bb7 21.
Qh7+ Kf8 22.Qh8+ Ke7 23.Qxg7 Rg8 24.Qxh6 Qe5+ 25.Kb1 Rxg2 26.Qd2 Qc5 27.
Rhf1 Rh8 28.Qf4 Bc6 29.Be4 Bxe4 30.Qxe4 Rh2 31.Rxd7+ Kxd7 32.Qb7+ Kd6 33.
Rd1+ Ke5 34.Qxf7 Qxf2 35.Qg7+ Ke4 36.Qg4+ Ke5 37.Qg5+ Ke4 38.Qg4+ 1/2-1/2

[Event "4th EUR-ch"]
[Site "Istanbul TUR"]
[Date "2003.05.30"]
[Round "1.74"]
[White "Delchev, Alexander"]
[Black "Nyysti, Sampsa"]
[Result "1-0"]
[WhiteElo "2577"]
[BlackElo "2429"]
[EventDate "2003.05.30"]
[PlyCount "97"]

1.e4 e5 2.Nf3 Nc6 3.Bc4 Nf6 4.d3 Be7 5.O-O O-O 6.Re1 d6 7.a4 h6 8.a5 a6 9.
c3 Be6 10.Nbd2 Bxc4 11.Nxc4 Re8 12.h3 Bf8 13.Ne3 d5 14.exd5 Nxd5 15.Nc4 
Qf6 16.Qb3 Bc5 17.Bd2 Rad8 18.Re2 b5 19.axb6 Nxb6 20.Nxb6 Bxb6 21.Qc2 a5 
22.Rae1 Qf5 23.Qa4 Qd7 24.Qc4 Qe6 25.Nxe5 Qxc4 26.Nxc4 Rxe2 27.Rxe2 Rxd3 
28.Re8+ Kh7 29.Kf1 Kg6 30.Rc8 Ne7 31.Ra8 f6 32.Ke2 Rd5 33.g4 h5 34.f3 Kf7 
35.Ra6 hxg4 36.hxg4 Nc8 37.Be3 Bxe3 38.Kxe3 Nd6 39.Rc6 Nxc4+ 40.Rxc4 c5 
41.Ra4 Re5+ 42.Kd2 Rd5+ 43.Kc2 f5 44.gxf5 Rxf5 45.Rxa5 Rxf3 46.Rxc5 Kf6 
47.b4 g5 48.Rc8 Kf7 49.Rc4 1-0

[Event "4th EUR-ch"]
[Site "Istanbul TUR"]
[Date "2003.05.30"]
[Round "1.75"]
[White "Tzermiadianos, Andreas"]
[Black "Socko, Bartosz"]
[Result "1/2-1/2"]
[WhiteElo "2428"]
[BlackElo "2577"]
[EventDate "2003.05.30"]
[PlyCount "30"]

1.e4 e5 2.Nf3 Nc6 3.Bc4 Nf6 4.d4 exd4 5.e5 Ng4 6.Qe2 Qe7 7.Bf4 f6 8.exf6 
gxf6 9.O-O Qxe2 10.Bxe2 Nge5 11.Nbd2 Bd6 12.Bg3 Nxf3+ 13.Nxf3 Bxg3 14.fxg3
d6 15.Rad1 Rf8 1/2-1/2

[Event "4th EUR-ch"]
[Site "Istanbul TUR"]
[Date "2003.05.30"]
[Round "1.76"]
[White "Timofeev, Artiom"]
[Black "Zaja, Ivan"]
[Result "1-0"]
[WhiteElo "2577"]
[BlackElo "2417"]
[EventDate "2003.05.30"]
[PlyCount "80"]

1.e4 e6 2.d4 d5 3.Nd2 Nf6 4.e5 Nfd7 5.Bd3 c5 6.c3 Nc6 7.Ne2 cxd4 8.cxd4 f6
9.exf6 Qxf6 10.Nf3 h6 11.O-O Bd6 12.Ng3 O-O 13.Bc2 Rf7 14.Nh5 Qd8 15.Bg6 
Re7 16.Bf4 Nf8 17.Bc2 Rf7 18.Bg3 g6 19.Bh4 Be7 20.Bxe7 Qxe7 21.Ng3 e5 22.
Nxe5 Nxe5 23.dxe5 Qxe5 24.Bb3 Be6 25.Qd2 Qf4 26.Qd3 Qf6 27.Rae1 a5 28.f4 
a4 29.Bc2 Qxb2 30.f5 gxf5 31.Nxf5 Bxf5 32.Rxf5 Rxf5 33.Qxf5 Qd4+ 34.Kh1 
Rd8 35.Re7 Qa1+ 36.Bb1 Qc3 37.Qg4+ Kh8 38.Qf4 Qa1 39.Qxh6+ Kg8 40.Qg5+ Kh8
1-0

[Event "4th EUR-ch"]
[Site "Istanbul TUR"]
[Date "2003.05.30"]
[Round "1.79"]
[White "Brendel, Oliver"]
[Black "Volokytin, Andriy"]
[Result "0-1"]
[WhiteElo "2378"]
[BlackElo "2572"]
[EventDate "2003.05.30"]
[PlyCount "56"]

1.e4 c5 2.Nf3 e6 3.d4 cxd4 4.Nxd4 a6 5.Nc3 Qc7 6.g3 Bb4 7.Bd2 Nf6 8.Bg2 
Nc6 9.Nxc6 dxc6 10.O-O O-O 11.Kh1 e5 12.f4 Rd8 13.Qe2 Bg4 14.Qf2 Qd6 15.
Be3 Bxc3 16.bxc3 Be6 17.fxe5 Qxe5 18.Bd4 Qg5 19.a4 Nd7 20.Rfb1 c5 21.Be3 
Qh5 22.Rxb7 Ne5 23.Qf4 Rd1+ 24.Rxd1 Qxd1+ 25.Bg1 f6 26.Qe3 Rc8 27.Rb6 Nc4 
28.Bf3 Qd7 0-1

[Event "4th EUR-ch"]
[Site "Istanbul TUR"]
[Date "2003.05.30"]
[Round "1.80"]
[White "Luther, Thomas"]
[Black "Arduman, Can"]
[Result "1-0"]
[WhiteElo "2571"]
[BlackElo "2361"]
[EventDate "2003.05.30"]
[PlyCount "129"]

1.e4 e5 2.Nf3 Nc6 3.Bb5 a6 4.Ba4 Nf6 5.O-O Be7 6.Re1 b5 7.Bb3 d6 8.c3 O-O 
9.h3 Na5 10.Bc2 c5 11.d4 Qc7 12.Nbd2 Rd8 13.d5 c4 14.Re3 Nb7 15.b4 Bd7 16.
a4 a5 17.axb5 axb4 18.Rxa8 Rxa8 19.cxb4 Bxb5 20.Nb1 Be8 21.Ra3 Rxa3 22.
Nxa3 Nd7 23.Ba4 Nf6 24.Bxe8 Nxe8 25.Qa4 Kf8 26.Qc6 Nd8 27.Qxc4 Qxc4 28.
Nxc4 Nc7 29.Be3 Nb5 30.Nfd2 Ke8 31.Kf1 f5 32.f3 fxe4 33.fxe4 Nf7 34.Ke2 
Kd7 35.Nf3 h6 36.Kd3 g5 37.Bc1 h5 38.Ne3 Kc7 39.Nf5 Bf6 40.Ng3 h4 41.Nh5 
Be7 42.Ng7 Kb6 43.Ne6 Nh8 44.Nexg5 Ng6 45.Ne6 Bf6 46.Kc4 Ka6 47.Ne1 Kb6 
48.Nc2 Ka6 49.Na3 Nd4 50.Be3 Ne2 51.Kd3 Nef4+ 52.Nxf4 exf4 53.Bd4 Bxd4 54.
Kxd4 f3 55.gxf3 Nf4 56.Ke3 Nxh3 57.f4 Ng1 58.Kf2 Nh3+ 59.Kf3 Ng1+ 60.Kg2 
Ne2 61.f5 Nf4+ 62.Kh2 Nh5 63.Nc4 Kb5 64.Nxd6+ Kxb4 65.Ne8 1-0

[Event "4th EUR-ch"]
[Site "Istanbul TUR"]
[Date "2003.05.30"]
[Round "1.81"]
[White "Mamedov, Rauf"]
[Black "Burmakin, Vladimir"]
[Result "1/2-1/2"]
[WhiteElo "2330"]
[BlackElo "2569"]
[EventDate "2003.05.30"]
[PlyCount "29"]

1.e4 e6 2.d4 d5 3.Nd2 dxe4 4.Nxe4 Bd7 5.Nf3 Bc6 6.Bd3 Nd7 7.O-O Ngf6 8.
Nxf6+ Qxf6 9.Be2 h6 10.c4 Rd8 11.Be3 Be4 12.Nd2 Bc6 13.Nf3 Be4 14.Nd2 Bc6 
15.Nf3 1/2-1/2

[Event "4th EUR-ch"]
[Site "Istanbul TUR"]
[Date "2003.05.30"]
[Round "1.84"]
[White "Nevednichy, Vladislav"]
[Black "Karadeniz, Emre"]
[Result "1-0"]
[WhiteElo "2569"]
[BlackElo "2308"]
[EventDate "2003.05.30"]
[PlyCount "79"]

1.e4 c6 2.Nc3 d5 3.Nf3 Bg4 4.h3 Bxf3 5.Qxf3 e6 6.d3 Bb4 7.Bd2 d4 8.Nb1 
Bxd2+ 9.Nxd2 Ne7 10.Qe2 e5 11.g3 Qc7 12.h4 Nd7 13.Bh3 O-O-O 14.Nc4 h5 15.
a4 Kb8 16.a5 f6 17.Kf1 Nc8 18.Bf5 Rh6 19.Kg2 Nd6 20.Nxd6 Qxd6 21.c4 g6 22.
Bxd7 Rxd7 23.Qd2 Rh8 24.f4 f5 25.fxe5 Qxe5 26.Rae1 Rf7 27.exf5 Qxf5 28.
Rhf1 Qd7 29.Rxf7 Qxf7 30.Qf4+ Qxf4 31.gxf4 Rf8 32.Kf3 Rf6 33.b4 a6 34.Re7 
Kc8 35.Ke4 Kb8 36.Rg7 Kc8 37.Kxd4 Rxf4+ 38.Kc5 Rf6 39.Kb6 Rd6 40.Rc7+ 1-0

[Event "4th EUR-ch"]
[Site "Istanbul TUR"]
[Date "2003.05.30"]
[Round "1.85"]
[White "Atakisi, Umut"]
[Black "Ruck, Robert"]
[Result "1-0"]
[WhiteElo "2303"]
[BlackElo "2569"]
[EventDate "2003.05.30"]
[PlyCount "61"]

1.e4 c5 2.Nf3 d6 3.d4 cxd4 4.Nxd4 Nf6 5.Nc3 a6 6.Bg5 e6 7.f4 Qb6 8.Nb3 
Nbd7 9.Qf3 Qc7 10.O-O-O Be7 11.Qg3 b5 12.Bxf6 Nxf6 13.e5 dxe5 14.fxe5 Nd7 
15.Bxb5 axb5 16.Nxb5 Qb6 17.Qxg7 Rf8 18.Nd6+ Bxd6 19.exd6 Rxa2 20.Kb1 Ra7 
21.Rhe1 Nb8 22.Qxh7 Nc6 23.Qd3 Bd7 24.Re4 Rg8 25.Qc3 Qa6 26.Qf6 Qc8 27.Kc1
Ra4 28.Rf1 Rf8 29.Re3 Rg4 30.Rh3 Rg6 31.Qxf7+ 1-0

[Event "4th EUR-ch"]
[Site "Istanbul TUR"]
[Date "2003.05.30"]
[Round "1.87"]
[White "Bayram, Yakup"]
[Black "Inarkiev, Ernesto"]
[Result "0-1"]
[WhiteElo "2296"]
[BlackElo "2568"]
[EventDate "2003.05.30"]
[PlyCount "102"]

1.d4 Nf6 2.c4 g6 3.Nc3 Bg7 4.e4 d6 5.Nf3 O-O 6.h3 e5 7.dxe5 dxe5 8.Qxd8 
Rxd8 9.Bg5 c6 10.Rd1 Rxd1+ 11.Kxd1 Na6 12.Nxe5 Nc5 13.Bd3 Nfd7 14.Nxd7 
Nxd3 15.Kc2 Nxf2 16.Rf1 Bxd7 17.Rxf2 Be6 18.b3 f5 19.Bc1 Re8 20.Re2 Be5 
21.Bb2 f4 22.Na4 Bxb2 23.Nxb2 g5 24.Nd3 Bf5 25.Nf2 Kf7 26.c5 Kf6 27.Kc3 h5
28.Kd4 Rd8+ 29.Kc3 Bg6 30.e5+ Ke6 31.h4 g4 32.Ne4 Bxe4 33.Rxe4 Rf8 34.Kd3 
f3 35.gxf3 Rxf3+ 36.Ke2 Kd5 37.Rb4 Rf7 38.e6 Kxe6 39.Rd4 Rd7 40.Rf4 Rd5 
41.Rb4 Rxc5 42.Rxb7 Rc2+ 43.Kf1 Rxa2 44.Rh7 Ra5 45.Rh6+ Kd7 46.Kg2 Kc7 47.
Rh7+ Kb6 48.Rg7 Rd5 49.Kg3 Rd3+ 50.Kf4 Rxb3 51.Kg5 Rb5+ 0-1

[Event "4th EUR-ch"]
[Site "Istanbul TUR"]
[Date "2003.05.30"]
[Round "1.88"]
[White "Marin, Mihail"]
[Black "Yeke, Serkan"]
[Result "0-1"]
[WhiteElo "2568"]
[BlackElo "2287"]
[EventDate "2003.05.30"]
[PlyCount "81"]

1.c4 e5 2.Nc3 Nf6 3.g3 Bb4 4.Nf3 Nc6 5.Bg2 O-O 6.O-O Re8 7.d3 h6 8.e4 Bc5 
9.h3 Nd4 10.Nxd4 Bxd4 11.Kh2 c6 12.f4 d5 13.exd5 Bxc3 14.bxc3 cxd5 15.fxe5
Rxe5 16.d4 Rf5 17.cxd5 Rxf1 18.Qxf1 Nxd5 19.Qd3 a5 20.c4 Nb4 21.Qc3 Bf5 
22.Bb2 Qd7 23.d5 f6 24.a3 Nd3 25.Rd1 Nc5 26.Qd4 b6 27.Re1 Re8 28.Re3 Qa4 
29.g4 Bg6 30.Rxe8+ Qxe8 31.Qd2 Qb8+ 32.d6 Nd3 33.Bd5+ Kh7 34.Kg2 Qxd6 35.
h4 Nf4+ 36.Kf3 Nxd5 37.cxd5 Bf7 38.Qd3+ Kg8 39.g5 Bxd5+ 40.Ke2 hxg5 41.
hxg5 0-1

[Event "4th EUR-ch"]
[Site "Istanbul TUR"]
[Date "2003.05.30"]
[Round "1.89"]
[White "Kilicaslan, Hasan"]
[Black "Jobava, Baadur"]
[Result "1-0"]
[WhiteElo "2260"]
[BlackElo "2566"]
[EventDate "2003.05.30"]
[PlyCount "67"]

1.d4 Nf6 2.Nf3 e6 3.e3 b6 4.Bd3 Bb7 5.Nbd2 c5 6.O-O Be7 7.Qe2 O-O 8.c3 Nc6
9.a3 d5 10.b4 Nd7 11.e4 dxe4 12.Nxe4 cxd4 13.cxd4 Nf6 14.Bb2 Nd5 15.Qd2 
Qb8 16.g3 Rd8 17.b5 Na5 18.Qe2 Nf6 19.Neg5 h6 20.Bg6 hxg5 21.Bxf7+ Kxf7 
22.Nxg5+ Kg6 23.Qc2+ Ne4 24.Nxe4 Qc8 25.Qe2 Qc4 26.Qg4+ Kf7 27.d5 e5 28.
Bxe5 Qxd5 29.Qxg7+ Ke6 30.Rfe1 Rg8 31.Qh6+ Kf7 32.Nd6+ Bxd6 33.Qf6+ Ke8 
34.Bxd6+ 1-0

[Event "4th EUR-ch"]
[Site "Istanbul TUR"]
[Date "2003.05.30"]
[Round "1.90"]
[White "Stefansson, Hannes Hlifar"]
[Black "Ipek, Ali"]
[Result "1-0"]
[WhiteElo "2565"]
[BlackElo "2254"]
[EventDate "2003.05.30"]
[PlyCount "133"]

1.e4 c5 2.Nf3 e6 3.d4 cxd4 4.Nxd4 a6 5.Bd3 Qc7 6.O-O Nf6 7.Qe2 d6 8.c4 Be7
9.Nc3 Nc6 10.Nxc6 bxc6 11.f4 e5 12.f5 h5 13.Bg5 Ng4 14.Bxe7 Qxe7 15.Na4 
Qh4 16.g3 Qh3 17.Rf3 h4 18.Rd1 Bb7 19.Rd2 Rh6 20.c5 Rd8 21.Qd1 dxc5 22.
Nxc5 Bc8 23.Qe1 hxg3 24.Qxg3 Qxg3+ 25.Rxg3 Nf6 26.Rxg7 Ke7 27.Rgg2 a5 28.
Bc2 Rdh8 29.Bd1 Rh4 30.Bf3 Rf4 31.Rd3 Nd7 32.Nxd7 Bxd7 33.Rg4 Rxg4+ 34.
Bxg4 f6 35.Rh3 Rb8 36.Rh7+ Kd6 37.b3 Rb4 38.Bf3 a4 39.bxa4 Rxa4 40.Rf7 
Rxa2 41.Rxf6+ Ke7 42.Rh6 c5 43.f6+ Kd6 44.Rh8 Be6 45.Bg4 c4 46.Rd8+ Kc7 
47.Re8 Bxg4 48.f7 Bh3 49.f8=Q Ra1+ 50.Kf2 Rf1+ 51.Ke3 Rxf8 52.Rxf8 Kd6 53.
Rh8 Bg4 54.h4 Ke7 55.Rh6 Bd1 56.Rc6 Bb3 57.h5 Kf7 58.h6 Kg8 59.Rc7 Kh8 60.
Kd2 Ba2 61.Kc3 Bb1 62.Rxc4 Kh7 63.Rb4 Ba2 64.Rb6 Bg8 65.Kb4 Ba2 66.Kc5 Bg8
67.Rf6 1-0

[Event "4th EUR-ch"]
[Site "Istanbul TUR"]
[Date "2003.05.30"]
[Round "1.91"]
[White "Grant, Jonathan"]
[Black "Bischoff, Klaus"]
[Result "1/2-1/2"]
[WhiteElo "2253"]
[BlackElo "2564"]
[EventDate "2003.05.30"]
[PlyCount "66"]

1.c4 e6 2.Nf3 Nf6 3.g3 d5 4.Bg2 Be7 5.O-O O-O 6.d4 c6 7.b3 b6 8.Bb2 Bb7 9.
Nbd2 Nbd7 10.Qc2 c5 11.cxd5 Nxd5 12.dxc5 Rc8 13.Ne4 Nxc5 14.Nxc5 Bxc5 15.
Qe4 Qe7 16.Ne5 Ba3 17.Bxa3 Qxa3 18.Nc4 Qe7 19.Qe5 Rfd8 20.Rac1 Ba6 21.Ne3 
Qf6 22.Rxc8 Rxc8 23.Qxf6 Nxf6 24.Bf3 Kf8 25.Rd1 Ke7 26.Kf1 Nd7 27.Be4 g6 
28.Ke1 f5 29.Bd3 Bb7 30.Kd2 Ne5 31.f4 Nf7 32.Rc1 Rxc1 33.Kxc1 Nd6 1/2-1/2

[Event "4th EUR-ch"]
[Site "Istanbul TUR"]
[Date "2003.05.30"]
[Round "1.92"]
[White "Hulak, Krunoslav"]
[Black "Oney, Feridun"]
[Result "1-0"]
[WhiteElo "2563"]
[BlackElo "2251"]
[EventDate "2003.05.30"]
[PlyCount "75"]

1.d4 Nf6 2.c4 e6 3.g3 c5 4.d5 exd5 5.cxd5 d6 6.Bg2 Be7 7.Nc3 O-O 8.a4 Na6 
9.Nf3 Nb4 10.O-O Bf5 11.Ne1 Re8 12.e4 Bc8 13.Nc2 Bf8 14.Re1 b6 15.Nxb4 
cxb4 16.Nb5 a6 17.Nd4 Bb7 18.Nc6 Bxc6 19.dxc6 Rc8 20.Bd2 a5 21.Rc1 Re5 22.
Be3 Rxe4 23.Bxe4 Nxe4 24.c7 Rxc7 25.Bxb6 Rxc1 26.Bxd8 Rxd1 27.Rxd1 Nc5 28.
Bxa5 Nxa4 29.Rd2 b3 30.Bc3 g6 31.Bd4 Bg7 32.Bxg7 Kxg7 33.Rxd6 Nxb2 34.Rd4 
Kf6 35.f4 Kf5 36.Kf2 Kg4 37.Kg2 h5 38.Rd5 1-0

[Event "4th EUR-ch"]
[Site "Istanbul TUR"]
[Date "2003.05.30"]
[Round "1.93"]
[White "Demir, Gokhan"]
[Black "Schandorff, Lars"]
[Result "1-0"]
[WhiteElo "2245"]
[BlackElo "2563"]
[EventDate "2003.05.30"]
[PlyCount "95"]

1.d4 Nf6 2.c4 e6 3.Nc3 Bb4 4.e3 O-O 5.Ne2 d5 6.a3 Be7 7.Ng3 Nbd7 8.cxd5 
exd5 9.Nf5 Nb6 10.Nxe7+ Qxe7 11.Bd3 Ne4 12.O-O Bf5 13.Ne2 Nd6 14.a4 a5 15.
b3 Rfe8 16.Ba3 Bxd3 17.Qxd3 Nbc8 18.Nf4 c6 19.Rae1 Qf6 20.f3 Ne7 21.Nh5 
Qf5 22.Qxf5 Ndxf5 23.g4 Nh6 24.Bc1 f6 25.e4 Nf7 26.e5 fxe5 27.dxe5 c5 28.
e6 Nd6 29.Bf4 Red8 30.Be5 Ne8 31.f4 Nc6 32.f5 Nxe5 33.Rxe5 Nf6 34.Nxf6+ 
gxf6 35.Re3 d4 36.Rh3 Ra6 37.Rff3 Rad6 38.Kf2 d3 39.Ke1 d2+ 40.Kd1 Rd4 41.
g5 Re4 42.Re3 Rf4 43.Rhf3 Rxf3 44.Rxf3 Kg7 45.Rf2 Rf8 46.h4 h6 47.g6 Rc8 
48.Rxd2 1-0

[Event "4th EUR-ch"]
[Site "Istanbul TUR"]
[Date "2003.05.30"]
[Round "1.94"]
[White "Vaisser, Anatoli"]
[Black "Erdogan, Hakan"]
[Result "1-0"]
[WhiteElo "2563"]
[BlackElo "2239"]
[EventDate "2003.05.30"]
[PlyCount "64"]

1.d4 Nf6 2.c4 e6 3.Nc3 c5 4.d5 exd5 5.cxd5 d6 6.e4 g6 7.f4 Bg7 8.Bb5+ Nfd7
9.a4 O-O 10.Nf3 Na6 11.O-O Nc7 12.Re1 Nxb5 13.Nxb5 Nf6 14.Nc3 b6 15.e5 Ne8
16.e6 Qe7 17.f5 fxe6 18.Bg5 Bf6 19.Bxf6 Rxf6 20.fxe6 Bb7 21.Ng5 Rf5 22.Nf7
Qh4 23.Rf1 Qd4+ 24.Kh1 Rh5 25.Qf3 Qg7 26.g4 Rh4 27.e7 h5 28.Nd8 Qxe7 29.
Rae1 hxg4 30.Rxe7 gxf3 31.Rxe8+ Kg7 32.Rxf3 Bc8 1-0

[Event "4th EUR-ch"]
[Site "Istanbul TUR"]
[Date "2003.05.30"]
[Round "1.95"]
[White "Can, Emre"]
[Black "Nijboer, Friso"]
[Result "1/2-1/2"]
[WhiteElo "2200"]
[BlackElo "2562"]
[EventDate "2003.05.30"]
[PlyCount "70"]

1.e4 c5 2.Nf3 Nc6 3.Bb5 e6 4.O-O Nge7 5.c3 a6 6.Be2 Ng6 7.d4 d5 8.exd5 
Qxd5 9.c4 Qd8 10.Be3 cxd4 11.Nxd4 Bd7 12.Nc3 Be7 13.Nxc6 Bxc6 14.Qxd8+ 
Rxd8 15.Rfd1 O-O 16.Bb6 Rxd1+ 17.Rxd1 Rc8 18.g3 f5 19.f4 Bf6 20.Bd4 e5 21.
fxe5 Bxe5 22.Bxe5 Nxe5 23.b3 Kf7 24.Kf2 g5 25.Rd4 f4 26.gxf4 gxf4 27.Nd5 
Bxd5 28.Rxd5 Ke6 29.a4 Rc6 30.a5 Rd6 31.Rxd6+ Kxd6 32.b4 Nc6 33.Bf3 Nxb4 
34.Bxb7 Kc5 35.Kf3 Kxc4 1/2-1/2

[Event "4th EUR-ch"]
[Site "Istanbul TUR"]
[Date "2003.05.30"]
[Round "1.96"]
[White "Anastasian, Ashot"]
[Black "Duman, Aydin"]
[Result "1-0"]
[WhiteElo "2561"]
[BlackElo "2185"]
[EventDate "2003.05.30"]
[PlyCount "55"]

1.d4 Nf6 2.c4 g6 3.g3 Bg7 4.Bg2 O-O 5.Nc3 d6 6.Nf3 Nbd7 7.O-O e5 8.h3 Re8 
9.e4 exd4 10.Nxd4 Nc5 11.Re1 a5 12.Nb3 Nxb3 13.axb3 Be6 14.Be3 Qc8 15.Kh2 
Nd7 16.f4 f5 17.Bd4 Bxd4 18.Qxd4 Nc5 19.exf5 gxf5 20.Nd5 Nxb3 21.Nf6+ Kf7 
22.Qc3 Nxa1 23.Nh5 Ke7 24.Bd5 c6 25.Bxe6 Qxe6 26.Qf6+ Kd7 27.Rxe6 Rxe6 28.
Qf7+ 1-0